00370nam a22001457a 450000500170000000800410001702000150005804100120007308200120008510000120009724500190010926000460012830000250017465000250019920240822145750.0240822b |||||||| |||| 00| 0 eng d a0702127124 aEnglish a349 ACT lEnglish aActa Juridica  aCape Town: bJuta and Company Ltd, c1991 b146 pages; c25 cm.  aLegal practice bLaw